00799nam a22002057a 4500999001900000005001700019010001500036020002600051035001400077037001300091082001200104100002800116245009800144260002500242270010100267300003400368500004600402942002600448952011900474 c175667d17566720200914125912.0 aENG-128429 c499.00a9789389604726 aEN-111961 bDBAD/PUB a599.756 aNasir, Syead Wahabuddin aTiger: The Soul of the Wild/cAuthored by Syead Wahabuddin Nasir and co-authored by D K Paul  aChennaibBUUKSc2019 aJVL Plaza, 4th Floor, 501, Anna Salai Teynampet,bChennaie600 018k044-4992727mhello@buuks.com axx;196p.c21cm(pbk)bPictures aIncludes Glossary, Bibliography and Index 2ddccENh599.756mNAS 001040708NFICaAVbAVd2020-09-14eDBAD/PUBg499.00l0o599.756 NASpEN-111961r2020-09-14 00:00:00v499.00yEN